Statistics for Countries by Third to Last Letter

Click here to take the quiz!

General Stats

  • This quiz has been taken 25 times
  • The average score is 16 of 24

Answer Stats

Letter HintAnswer% Correct
ABahrain|Botswana|Burkina Faso|Canada|Denmark|Finland|Germany|Ghana|
Grenada|Guatemala|Guyana|Hungary|Iceland|Ireland|Israel|Italy|Ivory Coast|
Kiribati|Kuwait|Laos|Malawi|Mali|Monaco|New Zealand|Panama|Poland|Spain|
Suriname|Switzerland|Thailand|Trinidad and Tobago|Tuvalu|Vanuatu
100%
BColombia|Gabon|Gambia|Libya|Namibia|Saudi Arabia|Serbia|Zambia|Zimbabwe
94%
RAlgeria|Andorra|Austria|Belarus|Bulgaria|Cape Verde|Comoros|Cyprus|Eritrea|Honduras|Iran|Iraq|Liberia|Nigeria|North Korea|
South Korea|Syria
83%
IArgentina|Belgium|Belize|Bosnia and Herzegovina|Chile|China|Costa Rica|Dominica|Eswatini|Fiji|Haiti|Jamaica|Mauritius|Mexico|San Marino|
Sao Tome and Principe|South Africa|Turkiye|Ukraine|Vatican City
83%
TAfghanistan|Bhutan|Croatia|Kazakhstan|Kyrgyzstan|Lesotho|Pakistan|Qatar|
Tajikistan|Turkmenistan|United Arab Emirates|United States|Uzbekistan
78%
NAlbania|Armenia|Benin|Brunei|Burundi|Democratic Republic of the Congo|Equatorial Guinea|Estonia|France|Guinea|Kenya|Lebanon|Lithuania|Marshall Islands|Mauritania|
Netherlands|North Macedonia|Papua New Guinea|Philippines|Republic of the Congo|
Romania|Rwanda|Saint Vincent and the Grenadines|Slovenia|Solomon Islands|
Sri Lanka|Tanzania|Tonga|Uganda|Vietnam
78%
DBarbados|Cambodia|Ecuador|El Salvador|India|Jordan|South Sudan|Sudan|
Sweden|United Kingdom
78%
PEthiopia|Japan|Nepal
78%
SFederated States of Micronesia|Guinea-Bissau|Indonesia|Malaysia|Russia|Tunisia
78%
UAntigua and Barbuda|Cuba|Djibouti|Luxembourg|Nauru|Paraguay|Uruguay
72%
EBangladesh|Greece|Liechtenstein|Peru|Venezuela
72%
GGeorgia|Montenegro|Nicaragua|Niger|Portugal|Senegal
72%
CMadagascar|Morocco|Saint Lucia
72%
QMozambique
67%
LAustralia|Central African Republic|Dominican Republic|Malta|Mongolia|Palau|
Seychelles|Somalia
61%
OAngola|Cameroon|Kosovo|Moldova|Sierra Leone|Singapore|Togo
56%
VBolivia|Latvia|Maldives|Saint Kitts and Nevis
56%
WNorway|Taiwan
56%
KSlovakia|Turkey
56%
MBahamas|East Timor|Myanmar|Oman|Samoa|Yemen
50%
JAzerbaijan
44%
ZBrazil
33%
YEgypt
33%
HChad|Czechia
22%

Score Distribution

Percentile by Number Answered

Percent of People with Each Score

Your Score History

You have not taken this quiz